Statistics for Southampton scorers in Premier League 2014-2015

Click here to take the quiz!

General Stats

  • This quiz has been taken 112 times
  • The average score is 8 of 12

Answer Stats

PlayerGoals% Correct
Graziano Pelle12
93%
Sadio Mané11
92%
Shane Long5
82%
Dusan Tadic4
73%
Nathaniel Clyne2
69%
Ryan Bertrand2
68%
Victor Wanyama3
68%
Maya Yoshida1
56%
Morgan Schneiderlin4
52%
Eljero Elia2
40%
Toby Alderweireld1
36%
Jack Cork2
30%

Score Distribution

Percentile by Number Answered

Percent of People with Each Score

Your Score History

You have not taken this quiz